000 004390000a22001810004500
003 MACL
005 20151119134518.0
008 151119b xxu||||| |||| 00| 0 eng d
040 _aMACL
_cMACL
041 _aEnglish
082 _a720/BAT
100 _aBatra, N.L.
_917540
245 _aDilli's Red Fort By The Yamuna
260 _bNiyogi Books
_c2008
_aNew Delhi
350 _a1500
650 _aArchitecture
_9259
942 _cBK
_k720
_2ddc
999 _c8852
_d8852